000 00535nam a2200217Ia 4500
003 OSt
005 20220928141305.0
006 a|||||r|||| 00| 0
007 ta
008 220927b |||||||| |||| 00| 0 eng d
024 _a14277
037 _cTextual
040 _aSDCL
_cSDCL
_beng
041 _2eng
_aeng
082 _aWv'N7, L4
100 _aLapalombara Joseph
_9499533
245 0 _aPolitics with in nations
260 _c1974
942 _hWv'N7, L4
_cTEXL
_2CC
999 _c816686
_d816686